Open Data Biblioteca Nacional de Portugal


República Portuguesa: Ministério da Cultura
Biblioteca Nacional de Portugal

Catálogo da BNP: acesso por Identificadores Unívocos
Registos Bibliográficos associados ao registo de autoridade

Etiqueta de registo: 00254nam 2200025 450
001 2284633
003 http://id.bnportugal.gov.pt/bib/catbnp/2284633
010 ## $a978-989-36707-0-5
021 ## $aPT$b559014/26
100 ## $a20260417d2026 m y0pory01030103ba
101 0# $apor$aeng$afre
102 ## $aPT
105 ## $aa b 000yy
106 ## $ar
200 1# $aPecados e capitais ou uma certa névoa para espaços vazios$dSins and capitals or a certain myst for empty spaces$fartistas Alexandra Costa... [et al.]$gensaios críticos Carl Olsson... [et al.]$gensaios visuais Dária Salgado... [et al.]$gfot. António Alves... [et al.]$zeng
205 ## $a1ª ed
210 #9 $aPorto$cCentro de Estudos Arnaldo Araújo,$d2026
215 ## $a309, [3] p.$cil.$d24 cm
510 1# $aSins and capitals or a certain myst for empty spaces$zeng
702 #1 $98$aCosta,$bAlexandra$4040$31926265
702 #1 $aOlsson,$bCarl$4212$31997183
702 #1 $aSalgado,$bDária Joana Teixeira$4205$31414570
702 #1 $92$aAlves,$bAntónio$4600$31145794
801 #0 $aPT$bBN$gRPC
966 ## $lBN$mFGMON$x1
971 ## $cssilva$d20260417

OpendataBNP@bnportugal.pt | Mais informação sobre acesso aos dados BNP